| 000 | 00531nam a22002057a 4500 | ||
|---|---|---|---|
| 003 | 00433nam a22001817a 4500 | ||
| 005 | 20230719130621.0 | ||
| 008 | 230719b |||||||| |||| 00| 0 eng d | ||
| 020 | _a8185749299 | ||
| 040 |
_bEng _c Library of Congress catalog card |
||
| 082 |
_a621.38 _bGUP |
||
| 100 | _aJ.B.Gupta | ||
| 245 | _aA Course in Electrical Technology (Part III) | ||
| 250 | _a11th | ||
| 260 |
_aNew Delhi _bKataria _c2002 |
||
| 300 | _aXVI;1209p | ||
| 500 | _a3 | ||
| 650 | _aElectrical | ||
| 942 |
_2ddc _cBK _n0 |
||
| 999 |
_c61095 _d61095 |
||